00627nam a2200217 a 4500001001300000003000900013005001700022008004100039020001000080082001600090245002400106260004200130300000900172500003500181505001700216710002500233902000800258942000700266952011900273999001700392nice12345678IN_TiNIC20260116015108.0050524s1994 teha grp 000 0 eng  ac10000a303.66bBAL aSteps Towards Peace aTehranbadbAl-Balagh Foundationc1994 a112p aincludes index and biblioraphy2 abibliography2 aAl-Balagh Foundation bSRS cBK 001040708StackRoom-aHMIbHMId2007-03-20g100.00l0o303.66 BALp11000203r2022-08-17v100.00w2005-05-24yBK c18294d18294